|
|
|
|
| LEADER |
00000cam a22000004a 4500 |
| 001 |
musev2_1301 |
| 003 |
MdBmJHUP |
| 005 |
20230905040211.0 |
| 006 |
m o d |
| 007 |
cr||||||||nn|n |
| 008 |
100408s2010 msu o 00 0 eng d |
| 010 |
|
|
|z 2010015128
|
| 020 |
|
|
|a 9781604737837
|
| 020 |
|
|
|z 1604737824
|
| 020 |
|
|
|z 9781604737820
|
| 020 |
|
|
|z 1604737832
|
| 035 |
|
|
|a (OCoLC)676697526
|
| 040 |
|
|
|a MdBmJHUP
|c MdBmJHUP
|
| 043 |
|
|
|a n-us-ga
|a n-us-al
|a n-us-fl
|
| 050 |
0 |
4 |
|a ML3187
|b .M45 2010
|
| 082 |
0 |
|
|a 782.25/08996073075
|2 22
|
| 100 |
1 |
|
|a McGregory, Jerrilyn.
|
| 245 |
1 |
0 |
|a Downhome Gospel :
|b African American Spiritual Activism in Wiregrass Country /
|c Jerrilyn McGregory.
|
| 264 |
|
1 |
|a Jackson :
|b University Press of Mississippi,
|c 2010.
|
| 264 |
|
3 |
|a Baltimore, Md. :
|b Project MUSE,
|c 2012
|
| 264 |
|
4 |
|c ©2010.
|
| 300 |
|
|
|a 1 online resource (224 pages):
|b ill. ;
|
| 336 |
|
|
|a text
|b txt
|2 rdacontent
|
| 337 |
|
|
|a computer
|b c
|2 rdamedia
|
| 338 |
|
|
|a online resource
|b cr
|2 rdacarrier
|
| 504 |
|
|
|a Includes bibliographical references and index.
|
| 505 |
0 |
|
|a Come go with me : liberation songs -- Ev'ry day'll be Sunday : burial sodalities -- There's a meeting here tonight : Baptist modalities -- On the way to glory : the shape-note tradition -- God has smiled on me : traditional gospel -- The gospel train is coming : Wiregrass contemporary gospel -- I feel no ways tired : Sarah's daughters.
|
| 588 |
|
|
|a Description based on print version record.
|
| 650 |
|
0 |
|a African Americans
|z Wiregrass Country (U.S.)
|x Music
|x History and criticism.
|
| 650 |
|
0 |
|a Gospel music
|z Wiregrass Country (U.S.)
|x History and criticism.
|
| 655 |
|
7 |
|a Electronic books.
|2 local
|
| 710 |
2 |
|
|a Project Muse.
|e distributor
|
| 830 |
|
0 |
|a Book collections on Project MUSE.
|
| 856 |
4 |
0 |
|z Texto completo
|u https://projectmuse.uam.elogim.com/book/1301/
|
| 945 |
|
|
|a Project MUSE - Custom Collection
|
| 945 |
|
|
|a Project MUSE - 2010 US Regional Studies, South
|
| 945 |
|
|
|a Project MUSE - Archive American Studies Foundation
|
| 945 |
|
|
|a Project MUSE - 2010 Complete
|